Multiples de 3 mais pas de 6 - Mort subite - Statistiques

Statistiques générales
  • Ce quiz a été pris 128 fois
  • Le résultat moyen est 7 sur 14
Answers on the Grid
Answers color-coded by a green-red scale on the quiz's grid according to % correct below.
3
9
15
21
27
33
39
45
51
57
63
69
75
6
12
18
24
30
36
42
48
54
60
66
99
84
90
96
 
Statistiques - réponses
Réponse % Correct
3
60%
21
59%
15
58%
27
58%
9
54%
33
51%
39
51%
99
51%
63
49%
45
48%
75
47%
51
45%
69
40%
57
39%
Aucun quiz correspondant
Distribution des résultats
% des personnes avec chaque résultat
Percentile par nombre de réponses
Votre historique - résultats
Vous n’avez pas pris ce quiz